Coding and information theory / (Record no. 178833)

000 -LEADER
fixed length control field 01067 a2200217 4500
003 - CONTROL NUMBER IDENTIFIER
control field Nust
005 - DATE AND TIME OF LATEST TRANSACTION
control field 20230713120209.0
010 ## - LIBRARY OF CONGRESS CONTROL NUMBER
LC control number 85017034
020 ## - INTERNATIONAL STANDARD BOOK NUMBER
International Standard Book Number 0131390724 :
040 ## - CATALOGING SOURCE
Transcribing agency Nust
082 00 - DEWEY DECIMAL CLASSIFICATION NUMBER
Classification number 519.4,HAM
100 1# - MAIN ENTRY--PERSONAL NAME
Personal name Hamming, R. W.
9 (RLIN) 113600
245 10 - TITLE STATEMENT
Title Coding and information theory /
Statement of responsibility, etc. Richard W. Hamming.
250 ## - EDITION STATEMENT
Edition statement 2nd ed.
260 ## - PUBLICATION, DISTRIBUTION, ETC.
Place of publication, distribution, etc. Englewood Cliffs, NJ :
Name of publisher, distributor, etc. Prentice-Hall,
Date of publication, distribution, etc. c1986.
300 ## - PHYSICAL DESCRIPTION
Extent xii, 259 p. :
Other physical details ill. ;
Dimensions 24 cm.
505 ## - FORMATTED CONTENTS NOTE
Formatted contents note Introduction (Page-1), Error-Detecting codes (Page-20), Error-correcting codes (Page-34), Variable-Length codes: Huffman codes (Page-51), Miscellaneous codes (Page-79), Entropy and Shannon's first theorem (Page-103), The channel and mutual information (Page-138), Channel capacity (Page-153), Some Mathematical Preliminaries (Page-164), Shannon's main theorem (Page-191), Algebraic coding theory (Page-209), Appendix A: Bandwidth and the sample theorem (Page-237), Appendix B (Page-250).
650 #0 - SUBJECT ADDED ENTRY--TOPICAL TERM
Topical term or geographic name entry element Coding theory.
9 (RLIN) 3106
650 #0 - SUBJECT ADDED ENTRY--TOPICAL TERM
Topical term or geographic name entry element Information theory.
9 (RLIN) 3107
942 ## - ADDED ENTRY ELEMENTS (KOHA)
Source of classification or shelving scheme
Koha item type Book
Call number prefix 519.4,HAM
Holdings
Withdrawn status Lost status Source of classification or shelving scheme Damaged status Not for loan Collection code Permanent Location Current Location Date acquired Total Checkouts Full call number Barcode Date last seen Price effective from Koha item type Shelving location Public note
            Military College of Signals (MCS) Military College of Signals (MCS) 12/12/2016   519.4 HAM MCS22309 12/08/2016 12/12/2016 Book    
            Military College of Signals (MCS) Military College of Signals (MCS) 12/12/2016   519.4,HAM MCS22310 12/08/2016 12/12/2016 Book General Stacks Almirha No 119, Shelf No 4
            Military College of Signals (MCS) Military College of Signals (MCS) 12/12/2016   519.4,HAM MCS22311 12/08/2016 12/12/2016 Book General Stacks Almirah No.78, Shelf No.5
            Military College of Signals (MCS) Military College of Signals (MCS) 12/12/2016   519.4,HAM MCS22312 12/08/2016 12/12/2016 Book General Stacks Almirha No 119, Shelf No 4
            Military College of Signals (MCS) Military College of Signals (MCS) 12/12/2016   519.4,HAM MCS22313 12/08/2016 12/12/2016 Book General Stacks Almirha No 119, Shelf No 4
            Military College of Signals (MCS) Military College of Signals (MCS) 12/12/2016   519.4 HAM MCS22314 12/08/2016 12/12/2016 Book    
            Military College of Signals (MCS) Military College of Signals (MCS) 12/12/2016   519.4 HAM MCS22315 12/08/2016 12/12/2016 Book    
            Military College of Signals (MCS) Military College of Signals (MCS) 12/12/2016   519.4,HAM MCS22316 12/08/2016 12/12/2016 Book General Stacks Almirah No.78, Shelf No.5
            Military College of Signals (MCS) Military College of Signals (MCS) 12/12/2016   519.4,HAM MCS22317 12/08/2016 12/12/2016 Book General Stacks Almirah No.78, Shelf No.5
            Military College of Signals (MCS) Military College of Signals (MCS) 12/12/2016   519.4,HAM MCS22318 12/08/2016 12/12/2016 Book General Stacks Almirah No.78, Shelf No.5
            Military College of Signals (MCS) Military College of Signals (MCS) 12/12/2016   519.4,HAM MCS22657 12/08/2016 12/12/2016 Book General Stacks Almirha No 119, Shelf No 4
            Military College of Signals (MCS) Military College of Signals (MCS) 12/12/2016   519.4 HAM MCS22660 12/08/2016 12/12/2016 Book    
© 2023 Central Library, National University of Sciences and Technology. All Rights Reserved.